| 000 | 00760cam a2200253Ii 4500 | ||
|---|---|---|---|
| 001 | 4816440 | ||
| 003 | ARRUPE | ||
| 005 | 20160412092851.0 | ||
| 008 | 800829s1980 sz a 000 0 eng d | ||
| 020 | _a2825406384 | ||
| 035 | _a(OCoLC)ocm06668182 | ||
| 035 | _a(NNC)4816440 | ||
| 040 |
_aEXS _cEXS _dGTX |
||
| 050 | 4 |
_aBV637 _b.H68x |
|
| 092 |
_a261.8 _bH859 |
||
| 100 | 1 |
_aHowell, Leon. _923668 |
|
| 245 | 1 | 0 |
_aPeople are the subject : _bstories of urban rural mission / _cLeon Howell. |
| 260 |
_aGeneva : _bWorld Council of Churches. Commission on World Mission and Evangelism, _c1980. |
||
| 300 |
_aviii, 80 p. : _bill. ; _c22 cm. |
||
| 650 | 0 |
_aUrban ministry _923669 |
|
| 650 | 0 |
_aRural ministry _923670 |
|
| 942 |
_2lcc _cMONOGRAPH |
||
| 999 |
_c124561 _d124561 |
||